000 00610nam a22001937a 4500
003 TR-AnABB
005 20260413130125.0
008 260413b tu ||||| |||| 00| 0 tur d
040 _aTR-AnABB
_btur
_cTR-AnABB
041 _atur
082 _a338.9
_b NAT 2002
245 0 0 _aNational report on sustainable development /
_cedited by: Gürel Tüzün, Sibel Sezer
250 _a2. basım
260 _aAnkara :
_bThe Ministry of Environment,
_c2002
300 _a216 sayfa ;
_c20 cm
650 0 4 _aSürdürülebilir kalkınma
650 0 4 _aSürdürülebilir kalkınma, Türkiye
942 _2ddc
_cBK
999 _c10203
_d10203
900 _bCan ÇELIK